Welcome to the Holygrace Academy Library

Please use search bar below to get started

VIVEKANADASOOKTHANGAL - QUOTES (Record no. 8900)

MARC details
000 -LEADER
fixed length control field 00353nam a22001337a 4500
082 ## - DEWEY DECIMAL CLASSIFICATION NUMBER
Classification number 894.812
Item number BAL/V
100 ## - MAIN ENTRY--AUTHOR NAME
Personal name BALAKRISHNAN, AMBADY
245 ## - TITLE STATEMENT
Title VIVEKANADASOOKTHANGAL - QUOTES
246 ## - VARYING FORM OF TITLE
Title proper/short title VIVEKANADASOOKTHANGAL - QUOTES
Remainder of title VIVEKANADASOOKTHANGAL - QUOTES
260 ## - PUBLICATION, DISTRIBUTION, ETC. (IMPRINT)
Place of publication INDIA
Name of publisher H & C
Year of publication 2015
300 ## - PHYSICAL DESCRIPTION
Number of Pages 64
650 ## - SUBJECT ADDED ENTRY--TOPICAL TERM
Topical Term MALAYALAM QUOTES
942 ## - ADDED ENTRY ELEMENTS (KOHA)
Koha item type Books
Holdings
Withdrawn status Lost status Collection code Home library Current library Shelving location Date acquired Source of acquisition Cost, normal purchase price Full call number Accession Number Koha item type
    Non-fiction Main Library Main Library SHELF-16L- MALAYALAM BIOGRAPHY,STUDIES/CRITICISM 13/11/2042 PURCHASED 50.00 894.812 BAL/V 13183 Books